书目信息 |
| 题名: |
离散数学
|
|
| 作者: | 陈光喜 , 丁宣浩 , 古天龙 编著 | |
| 分册: | ||
| 出版信息: | 北京 电子工业出版社 2008.01 |
|
| 页数: | 331页 | |
| 开本: | 26cm | |
| 丛书名: | ||
| 单 册: | ||
| 中图分类: | O158 | |
| 科图分类: | ||
| 主题词: | 离散数学--li san shu xue--高等学校--教材 | |
| 电子资源: | ||
| ISBN: | 978-7-121-05654-3 | |
| 000 | 01017nam0 2200265 450 | |
| 001 | 012008340423 | |
| 005 | 20080806112940.51 | |
| 010 | @a978-7-121-05654-3@dCNY29.50 | |
| 100 | @a20080806d2008 em y0chiy0120 ea | |
| 101 | 0 | @achi |
| 102 | @aCN@b110000 | |
| 105 | @ay z 000yy | |
| 106 | @ar | |
| 200 | 1 | @a离散数学@Ali san shu xue@f陈光喜, 丁宣浩, 古天龙编著@Fchen guang xi,ding xuan hao,gu tian long bian zhu |
| 210 | @a北京@c电子工业出版社@d2008.01 | |
| 215 | @a331页@d26cm | |
| 300 | @a高等学校规划教材 | |
| 330 | @a本书包括离散数学中的五部分内容:数理逻辑,集合与关系,组合数学与数论初步,图论和代数结构。离散数学也是计算机科学与技术专业研究生入学考试、全国计算机等级考试四级(软件方向)、同等学历人员申请硕士学位全国统考内容。 | |
| 606 | 0 | @a离散数学@Ali san shu xue@x高等学校@j教材 |
| 690 | @aO158@v4 | |
| 701 | 0 | @a陈光喜@Achen guang xi@4编著 |
| 701 | 0 | @a丁宣浩@Ading xuan hao@4编著 |
| 701 | 0 | @a古天龙@Agu tian long@4编著 |
| 801 | 0 | @aCN@bQSSK@c20080806 |
| 905 | @b731996-98@dO158@eC427@f3 | |
| 离散数学/陈光喜, 丁宣浩, 古天龙编著.-北京:电子工业出版社,2008.01 |
| 331页;26cm |
| 高等学校规划教材 |
| ISBN 978-7-121-05654-3:CNY29.50 |
| 本书包括离散数学中的五部分内容:数理逻辑,集合与关系,组合数学与数论初步,图论和代数结构。离散数学也是计算机科学与技术专业研究生入学考试、全国计算机等级考试四级(软件方向)、同等学历人员申请硕士学位全国统考内容。 |
| ● |
| 相关链接 |
|
|
|
正题名:离散数学
索取号:O158/C427
 
预约/预借
| 序号 | 登录号 | 条形码 | 馆藏地/架位号 | 状态 | 备注 |
| 1 | 731996 | 207319962 | 自科库401/401自科库 42排4列4层/ [索取号:O158/C427] | 在馆 | |
| 2 | 731997 | 207319971 | 自科库401/401自科库 42排4列4层/ [索取号:O158/C427] | 在馆 | |
| 3 | 731998 | 207319980 | 自科库401/401自科库 42排4列4层/ [索取号:O158/C427] | 在馆 |